A companion to Lyndon B. Johnson / (Record no. 7448)
[ view plain ]
| 000 -LEADER | |
|---|---|
| fixed length control field | 03097cam a22004574a 4500 |
| 001 - CONTROL NUMBER | |
| JCCL Control Number | 7448 |
| 003 - CONTROL NUMBER IDENTIFIER | |
| JCCL marc code | BD-JhCC |
| 005 - DATE AND TIME OF LATEST TRANSACTION | |
| control field | 20180312133013.0 |
| 008 - FIXED-LENGTH DATA ELEMENTS--GENERAL INFORMATION | |
| fixed length control field | 110609s2012 enk b 001 0 eng |
| 020 ## - INTERNATIONAL STANDARD BOOK NUMBER | |
| International Standard Book Number | 9781444333893 (hardcover : alk. paper) |
| 020 ## - INTERNATIONAL STANDARD BOOK NUMBER | |
| International Standard Book Number | 1444333895 (hardcover : alk. paper) |
| 035 ## - SYSTEM CONTROL NUMBER | |
| system control number | (BD-JhCC)7448 |
| 035 ## - SYSTEM CONTROL NUMBER | |
| system control number | NHCCYBP |
| 035 ## - SYSTEM CONTROL NUMBER | |
| system control number | (OCoLC)730254134 |
| 035 ## - SYSTEM CONTROL NUMBER | |
| system control number | NHCCYBP |
| 040 ## - CATALOGING SOURCE | |
| Original cataloging agency | DLC |
| Transcribing agency | DLC |
| Modifying agency | YDX |
| -- | BDX |
| -- | YDXCP |
| -- | UKMGB |
| -- | BWX |
| -- | IG# |
| -- | ZAD |
| -- | CDX |
| -- | COO |
| -- | OCLCQ |
| -- | BD-JhCC |
| 041 ## - LANGUAGE CODE | |
| Language code of Book | eng |
| 050 00 - LIBRARY OF CONGRESS CALL NUMBER | |
| Classification number | E846 |
| Item number | .C59 2012 |
| 082 00 - DEWEY DECIMAL CLASSIFICATION NUMBER | |
| Classification number | 973.923092 |
| DDC Edition number | 23 |
| 099 ## - LOCAL FREE-TEXT CALL NUMBER | |
| Classification number | E846.C59 2012 |
| 245 02 - TITLE STATEMENT | |
| Title | A companion to Lyndon B. Johnson / |
| Statement of responsibility, etc | edited by Mitchell B. Lerner. |
| 260 ## - PUBLICATION, DISTRIBUTION, ETC. (IMPRINT) | |
| Place of publication, distribution, etc | Chichester, West Sussex ; |
| -- | Malden, MA : |
| Name of publisher, distributor, etc | Wiley-Blackwell, |
| Date of publication, distribution, etc | 2012. |
| 300 ## - PHYSICAL DESCRIPTION | |
| Pagination | xii, 604 p. ; |
| Dimensions | 26 cm. |
| 490 1# - SERIES STATEMENT | |
| Series statement | Blackwell companions to American history. Presidential companions |
| 504 ## - BIBLIOGRAPHY, ETC. NOTE | |
| Bibliography, etc | Includes bibliographical references (p. [521]-581) and index. |
| 505 0# - FORMATTED CONTENTS NOTE | |
| Formatted contents note | The changing South / Jeff Woods -- LBJ in the House and Senate / Donald A. Ritchie -- The vice presidency / Marc J. Selverstone -- Lady Bird Johnson / Lisa M. Burns -- Management and vision / Sean J. Savage -- The war on poverty / Edward R. Schmitt -- African-American civil rights / Kent B. Germany -- Mexican Americans / Lorena Oropeza -- Women's issues / Susan M. Hartmann -- Health care / Larry DeWitt and Edward D. Berkowitz -- Environmental policy / Martin V. Melosi -- American immigration policy / Donna R. Gabaccia and Maddalena Marinari -- LBJ and the Constitution / Robert David Johnson -- The urban crisis / David Steigerwald -- Education reform / Lawrence J. McAndrews -- Domestic insurgencies / Doug Rossinow -- LBJ and the conservative movement / Jeff Roche -- Decisions for war / Andrew Preston -- Fighting the Vietnam War / Robert D. Schulzinger -- The war at home / Mary Ann Wynkoop -- The war from the other side / Pierre Asselin -- Latin America / Alan McPherson -- Europe / Thomas Alan Schwartz -- LBJ and the Cold War / John Dumbrell -- The Middle East / Peter L. Hahn -- LBJ and the new global challenges / Mark Atwood Lawrence -- How great was the Great Society? / Sidney M. Milkis -- Lyndon B. Johnson and the world / Nicholas Evan Sarantakes -- The legacy of Lyndon B. Johnson / Andrew L. Johns. |
| 600 10 - SUBJECT ADDED ENTRY--PERSONAL NAME | |
| Personal name | Johnson, Lyndon B. |
| Fuller form of name | (Lyndon Baines), |
| Dates associated with a name | 1908-1973. |
| 600 10 - SUBJECT ADDED ENTRY--PERSONAL NAME | |
| Personal name | Johnson, Lyndon B. |
| Fuller form of name | (Lyndon Baines), |
| Dates associated with a name | 1908-1973 |
| General subdivision | Political and social views. |
| 650 #0 - SUBJECT ADDED ENTRY--TOPICAL TERM | |
| Topical term or geographic name as entry element | Vietnam War, 1961-1975. |
| 650 #0 - SUBJECT ADDED ENTRY--TOPICAL TERM | |
| Topical term or geographic name as entry element | Presidents |
| Geographic subdivision | United States |
| Form subdivision | Biography. |
| 651 #0 - SUBJECT ADDED ENTRY--GEOGRAPHIC NAME | |
| Geographic name | United States |
| General subdivision | Politics and government |
| Chronological subdivision | 1963-1969. |
| 651 #0 - SUBJECT ADDED ENTRY--GEOGRAPHIC NAME | |
| Geographic name | United States |
| General subdivision | Social conditions |
| Chronological subdivision | 1960-1980. |
| 651 #0 - SUBJECT ADDED ENTRY--GEOGRAPHIC NAME | |
| Geographic name | United States |
| General subdivision | Foreign relations |
| Chronological subdivision | 1963-1969. |
| 700 1# - ADDED ENTRY--PERSONAL NAME | |
| Personal name | Lerner, Mitchell B., |
| Dates associated with a name | 1968- |
| 830 #0 - SERIES ADDED ENTRY--UNIFORM TITLE | |
| Uniform title | Blackwell companions to American history. |
| 856 41 - ELECTRONIC LOCATION AND ACCESS | |
| Uniform Resource Identifier | http://dx.doi.org/10.1002/9781444347494 |
| Public note | Wiley |
| -- | MIT Access Only |
| 942 ## - ADDED ENTRY ELEMENTS (KOHA) | |
| Source of classification or shelving scheme | Dewey Decimal Classification |
| Koha item type | Books |
| 946 ## - LOCAL PROCESSING INFORMATION (OCLC) | |
| m | wiley-disc |
| 949 #0 - LOCAL PROCESSING INFORMATION (OCLC) | |
| 4 | IP |
| a | d |
| b | DEW |
| c | STACK |
| o | 0 |
| p | 39080035527107 |
| x | 01 |
| h | E846.C59 2012 |
| Source of classification or shelving scheme | Damaged status | Not for loan | Home library | Current library | Shelving location | Total Checkouts | Full call number | Barcode | Date last seen | Copy number | Koha item type |
|---|---|---|---|---|---|---|---|---|---|---|---|
| Dewey Decimal Classification | JCC Rouf Library | JCC Rouf Library | General Stacks | 973.923092 | 12416 | 03/12/2018 | C-1 | Books |